Scary summer / (Record no. 13490)

MARC details
000 -LEADER
fixed length control field 02487nam a22003737a 4500
005 - DATE AND TIME OF LATEST TRANSACTION
control field 20080811115611.0
008 - FIXED-LENGTH DATA ELEMENTS--GENERAL INFORMATION
fixed length control field 080811t xxu||||| |||| 00| 0 eng d
010 ## - LCCN (DPL NO)
LC control number B-282283-294
020 ## - INTERNATIONAL STANDARD BOOK NUMBER
International Standard Book Number 0439857821
Terms of availability 195.00
035 ## - SYSTEM CONTROL NUMBER
System control number B-282283-294
040 ## - CATALOGING SOURCE
Original cataloging agency DPL
Language of cataloging EN
082 ## - DEWEY DECIMAL CLASSIFICATION NUMBER
Classification number S
100 ## - MAIN ENTRY--PERSONAL NAME
Personal name Stine, R.L.
245 ## - TITLE STATEMENT
Title Scary summer /
Statement of responsibility, etc by R.L. Stine
260 ## - PUBLICATION, DISTRIBUTION, ETC. (IMPRINT)
Name of publisher, distributor, etc Scholastic India
Date of publication, distribution, etc 2008(repr.).
Place of publication, distribution, etc New York
270 ## - ADDRESS
Address 550 A, Pace City-II, Sector - 37, (Vender)
City Gurgaon
Postal code 122004
Telephone number 2212432
300 ## - PHYSICAL DESCRIPTION
Extent 135p.L
Dimensions 19 cm (pbk)
Other physical details ill.
490 ## - SERIES STATEMENT
Series statement Goosebumps graphix - 3
942 ## - ADDED ENTRY ELEMENTS (KOHA)
Item type Children Books
Classification part S
Source of classification or shelving scheme Dewey Decimal Classification
Call number suffix STI
Holdings
Withdrawn status Lost status Source of classification or shelving scheme Damaged status Not for loan Collection code Home library Current library Date acquired Cost, normal purchase price Total Checkouts Full call number Barcode Date last seen Copy number Cost, replacement price Koha item type Source of acquisition
          Fiction Bagh Kadhe Khan Bagh Kadhe Khan 12/08/2008 195.00   S STI B-282291 15/09/2008 1 195.00 Children Books  
          Fiction Bawana Bawana 12/08/2008 195.00   S STI B-282293 15/09/2008 1 195.00 Children Books  
Withdrawn   Dewey Decimal Classification     Fiction Central Library Central Library 11/06/2008 195.00   S STI B-282283 15/09/2008 1 195.00 Children Books  
          Fiction Jor Bagh (Children Lib) Jor Bagh (Children Lib) 12/08/2008 195.00   S STI B-282288 15/09/2008 1 195.00 Children Books  
          Fiction Karol Bagh Karol Bagh 12/08/2008 195.00   S STI B-282289 15/09/2008 1 195.00 Children Books  
          Fiction Kasturba Gandhi Marg Kasturba Gandhi Marg 12/08/2008 195.00   S STI B-282285 15/09/2008 1 195.00 Children Books  
          Fiction Narela Narela 12/08/2008 195.00   S STI B-282292 15/09/2008 1 195.00 Children Books  
          Fiction New Rohtak Road New Rohtak Road 12/08/2008 195.00   S STI B-282290 15/09/2008 1 195.00 Children Books  
          Fiction Patel Nagar Patel Nagar 12/08/2008 195.00   S STI B-282284 15/09/2008 1 195.00 Children Books  
          Fiction Peshwa Road Peshwa Road 12/08/2008 195.00 1 S STI B-282286 05/07/2019 1 195.00 Children Books  
          Fiction Sarojini Nagar Sarojini Nagar 12/08/2008 195.00   S STI B-282287 15/09/2008 1 195.00 Children Books  
          Fiction Shahdara Branch Shahdara Branch 12/08/2008 195.00   S STI B-282294 15/09/2008 1 195.00 Children Books  
    Dewey Decimal Classification     Fiction Vinoba Puri Vinoba Puri 16/09/2008 195.00 11 S STI B-285444 12/05/2010 1 195.00 Children Books Scholastic/TR-A-00118/2.9.08/213/21.7.08/11.9.08

© Delhi Public Library
Hit Counter
free hit counter